000 00485nam a2200181 a 4500
001 2193
003 CO-ViMGA
008 141112s2004 ck r 000 u spa d
040 _aCO-ViMGA
_bspa
_cCO-ViMGA
082 0 4 _aCo861.44 M874s
100 1 _aMutis Durán, Santiago
_950949
245 1 0 _aSoñador de pájaros
260 _aSantafé de Bogotá :
_bSimón y Lola Guberek,
_c1987
300 _a49 p
490 _aLiteraria, 20
650 1 4 _aPOESIA COLOMBIANA
_91069
942 _2ddc
_cBK
999 _c14298
_d14298